Pays visités par les Simpson - Statistiques

Statistiques générales
  • Ce quiz a été pris 73 fois
  • Le résultat moyen est 22 sur 30
Réponses sur la Carte
Les réponses sont colorées sur une échelle allant du rouge au vert en fonction du pourcentage des utilisateurs qui les ont devinées à leur premier essai. Vous pouvez retrouver ces pourcentages ci-dessous.
 
Statistiques - réponses
Réponse % Correct
France
100%
Canada
99%
Brésil
97%
Royaume uni
97%
Chine
96%
Espagne
94%
Mexique
94%
Italie
93%
Japon
93%
Australie
92%
Inde
90%
Irlande
80%
Égypte
79%
Maroc
77%
Suède
76%
Suisse
73%
Cuba
70%
Danemark
70%
Grèce
70%
Islande
70%
Corée du Sud
69%
Autriche
62%
Iran
59%
Pays-Bas
59%
Pérou
59%
Israël
55%
Vietnam
54%
Costa Rica
41%
Tanzanie
28%
Micronésie
7%
Aucun quiz correspondant
Distribution des résultats
% des personnes avec chaque résultat
Percentile par nombre de réponses
Votre historique - résultats
Vous n’avez pas pris ce quiz